00784cam a22002172 450000100060000000300080000600500170001400800410003103500190007204000420009104100080013308200200014110000400016124500850020126000620028630000470034850400510039565100480044665100360049465100360053028224BD-RjUL20211209051243.0140329r19551942nyubcf b 001 0 eng d a(BD-RjUL)28305 aDLCcITDdNRCdOCLdEQOdBD-RjULbeng aeng00a991.4bHAP 19551 aHayden, Joseph Ralston,d1887-1945.14aThe Philippines : ba study in national development /cby Joseph Ralston Hayden. aNew York :bThe Macmillan company,c1942 [printing 1955]. axxvi p., 2 β., 3-984 p. :bill. ;c24 cm. aincludes Bibliographical references and index. 0aPhilippinesxPolitics and governmenty1935- 0aPhilippinesxSocial conditions. 0aPhilippinesxForeign relations.